000
00291nam a22001337a 4500
003
SGT
082
_a
370
_b
C15Y
100
_a
YADAV, H.S.
245
_a
CONTEMPORARY INDIA AND EDUCATION
260
_a
LUDHIANA
_b
TANDON PUB
_c
2015
300
_a
454
650
_a
EDUCATION
942
_2
ddc
_c
BK
_0
18
999
_c
12751
_d
12751